000 00854nam a2200253 i 4500
001 59969
003 ES-MaACL
005 20250827062605.0
007 t|
008 031031s1986 sp ||||1| spa d
020 _a84-7052-125-X
110 1 _aEspaña
_93622
240 0 _aLey Orgánica del poder judicial, 1985
245 1 0 _aLey orgánica del poder judicial /
_c[estudio y comentarios por] José L. Bermúdez de la Fuente ... [et al.].
260 _aMadrid :
_bEl Consultor de los Ayuntamientos y de los Juzgados,
_c1986.
300 _a474 p. ;
_c24 cm.
490 1 _aBiblioteca de textos legales
500 _aIndices.
700 1 _aBermúdez de la Fuente, José L.
_928144
740 0 _aLey del poder judicial, 1985.
830 0 _aBiblioteca de textos legales
_9177271
852 _aES-MaACL
_jL-9803
_bR.111676
999 _c59969
_d59969